Catalogue des livers de La bibliothique de La observatoire royal de Bruzells (Record no. 363)
[ view plain ]
| 000 -LEADER | |
|---|---|
| fixed length control field | 00511nam a2200145Ia 4500 |
| 003 - CONTROL NUMBER IDENTIFIER | |
| control field | IN-BaIIA |
| 008 - FIXED-LENGTH DATA ELEMENTS--GENERAL INFORMATION | |
| fixed length control field | 211028s9999 xx 000 0 eng d |
| 040 ## - CATALOGING SOURCE | |
| Transcribing agency | IIA Library |
| 080 ## - UNIVERSAL DECIMAL CLASSIFICATION NUMBER | |
| Universal Decimal Classification number | 52(083) |
| Item number | CAT |
| 110 ## - MAIN ENTRY--CORPORATE NAME | |
| Corporate name or jurisdiction name as entry element | Observatoire Royal De Belgique |
| 9 (RLIN) | 779 |
| 245 #0 - TITLE STATEMENT | |
| Title | Catalogue des livers de La bibliothique de La observatoire royal de Bruzells |
| Statement of responsibility, etc. | Observatoire Royal De Belgique |
| 260 ## - PUBLICATION, DISTRIBUTION, ETC. | |
| Place of publication, distribution, etc. | Bruxellers |
| Name of publisher, distributor, etc. | Observatoire Royal De Belgeique |
| Date of publication, distribution, etc. | 1847 |
| 650 ## - SUBJECT ADDED ENTRY--TOPICAL TERM | |
| Topical term or geographic name entry element | Astronomy |
| 9 (RLIN) | 80 |
| 942 ## - ADDED ENTRY ELEMENTS (KOHA) | |
| Koha item type | Books |
| Withdrawn status | Lost status | Damaged status | Not for loan | Home library | Current library | Shelving location | Date acquired | Total Checkouts | Full call number | Barcode | Date last seen | Price effective from | Koha item type |
|---|---|---|---|---|---|---|---|---|---|---|---|---|---|
| IIA Library-Bangalore | IIA Library-Kodaikanal | General Stacks | 52(083)/ CAT | 356 | 05/11/2021 | Books |